000 01016cam a22003017a 4500
003 CHAP
005 20220329141317.0
008 971013s1988 r 00010 d
010 _a66223
011 _a67195
035 _a76665
040 _cCHAP
082 _a332.71
_bF52
110 _aFideicomiso para Crédito en Areas de Riego y de Temporal. México.
_940726
245 0 _aEvaluación de la gestión en el período 1982-1988
260 _a[s.l.] :
_bEl Fideicomiso,
_c1988
300 _ac.a. 200 p.
590 _aBATCH-UPD
_b10
_c20130110
_lUCH01
_h1845
590 _aBATCH-UPD
_b10
_c20130410
_lUCH01
_h1215
590 _aBATCH-UPD
_b10
_c20130914
_lUCH01
_h1102
590 _aCONVERSION
_b10
_c20130109
_lUCH01
_h1336
650 1 4 _aCrédito agrícola
_zMéxico.
_929089
650 1 4 _aIrrigación
_xMéxico.
_960433
901 _aBK
942 _cLIBRO
949 _a332.71 F52
_bBC
_cLIBRO
_d33724000337804
_eLIBRO
_h74929
_i76665
_si
949 _a332.71 F52
_bBC
_cLIBRO
_d33724000337820
_eLIBRO
_fc.2
_h74930
_i76665
_si
999 _c66223
_d66223